Электронные библиотеки и базы данных по истории Евразии в средние века. Выпуск 8: Вып. 8 (Запись № 13466455)
[ простой вид ]
| 000 -МАРКЕР | |
|---|---|
| контрольное поле | 01355nam2a2200253 4500 |
| 001 - ИДЕНТИФИКАТОР ЗАПИСИ | |
| контрольное поле | RU\NLR\BIBL_A\022657778 |
| 005 - ИДЕНТИФИКАТОР ВЕРСИИ | |
| контрольное поле | 20251130044448.0 |
| 010 ## - МЕЖДУНАРОДНЫЙ СТАНДАРТНЫЙ НОМЕР КНИГИ (ISBN) | |
| Номер (ISBN) | 5-89282-135-8 |
| Тираж | 150 |
| 035 ## - ДРУГИЕ СИСТЕМНЫЕ НОМЕРА | |
| Идентификатор записи | (NLR Aleph) 022657778 |
| 100 ## - ДАННЫЕ ОБЩЕЙ ОБРАБОТКИ | |
| Данные общей обработки | 20251030d2001 u y0rusy50 ca |
| 101 0# - ЯЗЫК РЕСУРСА | |
| Язык текста, звукозаписи и т.д. | русский |
| -- | английский |
| 102 ## - СТРАНА ПУБЛИКАЦИИ ИЛИ ПРОИЗВОДСТВА | |
| Страна публикации | российская федерация |
| 105 ## - ПОЛЕ КОДИРОВАННЫХ ДАННЫХ: ТЕКСТОВЫЕ МАТЕРИАЛЫ, МОНОГРАФИЧЕСКИЕ | |
| Кодированные данные о монографическом текстовом документе | аh z 000yy |
| 200 0# - ЗАГЛАВИЕ И СВЕДЕНИЯ ОБ ОТВЕТСТВЕННОСТИ | |
| Основное заглавие | Вып. 8 |
| Первые сведения об ответственности | ответственный редактор: Е. А. Резван |
| 210 ## - ПУБЛИКАЦИЯ, РАСПРОСТРАНЕНИЕ И ДР. | |
| Дата издания, распространения и т.д. | 2001 |
| 215 ## - ФИЗИЧЕСКАЯ ХАРАКТЕРИСТИКА | |
| Специфическое обозначение материала и объем | 224 с. |
| Другие сведения о физической характеристике | ил., факс. |
| 300 ## - ОБЩИЕ ПРИМЕЧАНИЯ | |
| Текст примечания | Текст рус., англ. |
| 461 #0 - УРОВЕНЬ НАБОРА | |
| Встроенное поле | 001RU\NLR\bibl\44974 |
| -- | 2001#$aЭлектронные библиотеки и базы данных по истории Евразии в средние века$e[Бюл.]$fРос. акад. наук, Ин-т востоковедения, О-во востоковедов$g[Отв. ред. А.А. Столяров]$vВыпуск 8 |
| Системный номер (АБИС) связанной записи | 231215 |
| Место публикации | М. |
| Дата публикации | 1997 |
| Первые сведения об ответственности | Рос. акад. наук, Ин-т востоковедения, О-во востоковедов |
| Имя издателя, распространителя и т.д. | ИВ |
| Сведения, относящиеся к заглавию | [Бюл.] |
| Заглавие | Электронные библиотеки и базы данных по истории Евразии в средние века |
| Номер тома | Выпуск 8 |
| 702 #1 - ИМЯ ЛИЦА - ВТОРИЧНАЯ ОТВЕТСТВЕННОСТЬ | |
| Начальный элемент ввода | Резван |
| Часть имени, кроме начального элемента ввода | Е. А. |
| Даты | 1957- |
| Расширение инициалов личного имени | Ефим Анатольевич |
| Код отношения | Редактор |
| 942 ## - ДОПОЛНИТЕЛЬНЫЕ ЭЛЕМЕНТЫ ЗАПИСИ (АБИС) | |
| Тип экземпляра АБИС | Книга |
| 980 ## - КОЛЛЕКЦИЯ | |
| Название коллекции | Национальная библиография |
Нет доступных экземпляров.